[Event "Frankfurt-chA"]
[Site "Frankfurt"]
[Date "2017.05.22"]
[Round "5"]
[White "Medvedovski, Michael"]
[Black "Zimpfer, Andreas"]
[Result "1-0"]
[WhiteElo "2029"]
[BlackElo "1822"]
[PlyCount "71"]
[EventDate "2017.04.24"]
[EventType "swiss"]
[EventRounds "7"]
[EventCountry "GER"]
[SourceTitle "EXT 2018"]
[Source "ChessBase"]
[SourceDate "2017.10.13"]
[SourceVersion "1"]
[SourceVersionDate "2017.10.13"]
[SourceQuality "1"]

1. e4 c5 2. Nf3 d6 3. d4 cxd4 4. Nxd4 Nf6 5. Nc3 a6 6. Be2 e5 7. Nb3 Be7 8. Be3 0-0 9. g4 Be6 10. g5 Nfd7 11. Qd2 b5 12. 0-0-0 Nb6 13. Kb1 N8d7 14. h4 b4 15. Nd5 Bxd5 16. exd5 a5 17. h5 f5 18. f4 a4 19. Nc1 b3 20. cxb3 axb3 21. Nxb3 Qb8 22. Bb5 Qa7 23. a4 exf4 24. Bf2 Nc5 25. Nxc5 dxc5 26. d6 Bxg5 27. Bxc5 Qb7 28. Bxb6 Qxb6 29. Rhg1 h6 30. d7 Kh8 31. Qd5 Rad8 32. Rde1 Bf6 33. Rg2 Qd4 34. Qxf5 Bh4 35. Re8 Bf6 36. Bd3 1-0

[Event "Frankfurt-chA"]
[Site "Frankfurt"]
[Date "2017.05.08"]
[Round "3"]
[White "Zimpfer, Andreas"]
[Black "Seickel, Ralf"]
[Result "1-0"]
[WhiteElo "1822"]
[BlackElo "2047"]
[PlyCount "75"]
[EventDate "2017.04.24"]
[EventType "swiss"]
[EventRounds "7"]
[EventCountry "GER"]
[SourceTitle "EXT 2018"]
[Source "ChessBase"]
[SourceDate "2017.10.13"]
[SourceVersion "1"]
[SourceVersionDate "2017.10.13"]
[SourceQuality "1"]

1. d4 Nf6 2. c4 e6 3. Nc3 d5 4. cxd5 exd5 5. Bg5 Be7 6. e3 0-0 7. Bd3 Nbd7 8. Nge2 b6 9. 0-0 Bb7 10. Qc2 c5 11. Rad1 c4 12. Bf5 g6 13. Bh3 Re8 14. f3 Nh5 15. Bxe7 Qxe7 16. e4 dxe4 17. fxe4 Ndf6 18. e5 Nd5 19. Nxd5 Bxd5 20. Nc3 Qb7 21. Nxd5 Qxd5 22. g4 Qd7 23. Qxc4 Ng7 24. Qc3 Rac8 25. g5 Ne6 26. Qb3 Qe7 27. Rf6 Rcd8 28. Bxe6 fxe6 29. h4 Rd5 30. Qf3 Red8 31. Qg4 Re8 32. a3 Qd7 33. Qf4 Qa4 34. b3 Qxa3 35. Rf1 Qb4 36. Rxg6+ hxg6 37. Qf7+ Kh8 38. Qxe8+ 1-0

[Event "Wiesbaden op 26th"]
[Site "Wiesbaden"]
[Date "2014.08.29"]
[Round "2"]
[White "Kuenitz, Klaus"]
[Black "Zimpfer, Andreas"]
[Result "0-1"]
[WhiteElo "1604"]
[BlackElo "1879"]
[PlyCount "45"]
[EventDate "2014.08.28"]
[EventType "swiss"]
[EventRounds "7"]
[EventCountry "GER"]
[SourceTitle "CBM 162 Extra"]
[Source "ChessBase"]
[SourceDate "2014.10.17"]
[SourceVersion "1"]
[SourceVersionDate "2014.10.17"]
[SourceQuality "1"]

1. d4 d5 2. g3 Nf6 3. Bg2 e6 4. Nf3 c5 5. 0-0 Nc6 6. c4 cxd4 7. cxd5 Qxd5 8. Bf4 Qd8 9. Nbd2 Bc5 10. Nb3 Bb6 11. Ne5 Bd7 12. Nc4 0-0 13. Nxb6 Qxb6 14. Bd6 Rfd8 15. Bc5 Qc7 16. Rc1 e5 17. Be7 Re8 18. Bxf6 gxf6 19. Nc5 Bf5 20. Nxb7 Qxb7 21. Rxc6 Qe7 22. e4 Be6 23. Rxe6 0-1

[Event "Karl Mala Memorial op-A 17th"]
[Site "Frankfurt"]
[Date "2014.08.03"]
[Round "7"]
[White "Zimpfer, Andreas"]
[Black "Krastev, Alexander"]
[Result "1-0"]
[WhiteElo "1879"]
[BlackElo "1590"]
[PlyCount "35"]
[EventDate "2014.07.31"]
[EventType "swiss"]
[EventRounds "7"]
[EventCountry "GER"]
[SourceTitle "EXT 2015"]
[Source "ChessBase"]
[SourceDate "2014.11.20"]
[SourceVersion "1"]
[SourceVersionDate "2014.11.20"]
[SourceQuality "1"]

1. d4 Nf6 2. c4 c5 3. d5 e6 4. Nc3 g6 5. Bg5 d6 6. e3 Bg7 7. dxe6 Bxe6 8. Qd2 h6 9. Bh4 g5 10. Bg3 d5 11. cxd5 Nxd5 12. Rd1 Bxc3 13. bxc3 Qa5 14. e4 Ne7 15. Be5 0-0 16. h4 Ng6 17. Bf6 Nxh4 18. Rxh4 1-0

[Event "Karl Mala Memorial op-A 17th"]
[Site "Frankfurt"]
[Date "2014.08.02"]
[Round "5"]
[White "Dittrich, Tom"]
[Black "Zimpfer, Andreas"]
[Result "0-1"]
[WhiteElo "1677"]
[BlackElo "1879"]
[PlyCount "64"]
[EventDate "2014.07.31"]
[EventType "swiss"]
[EventRounds "7"]
[EventCountry "GER"]
[SourceTitle "EXT 2015"]
[Source "ChessBase"]
[SourceDate "2014.11.20"]
[SourceVersion "1"]
[SourceVersionDate "2014.11.20"]
[SourceQuality "1"]

1. e4 c5 2. Nf3 d6 3. d4 cxd4 4. Nxd4 a6 5. Nc3 Nf6 6. f3 e5 7. Nb3 Be6 8. Be3 Nbd7 9. Qd2 Rc8 10. g4 b5 11. h4 Qc7 12. Bd3 Nb6 13. Bxb6 Qxb6 14. h5 b4 15. Ne2 d5 16. g5 dxe4 17. fxe4 Nd7 18. Rf1 a5 19. Ng3 a4 20. Nc1 g6 21. Qe2 Be7 22. Qd2 Bc5 23. Qh2 Bd4 24. Rb1 a3 25. Nce2 Bxa2 26. hxg6 fxg6 27. Qh6 Bxb1 28. Qg7 Rf8 29. Rxf8+ Nxf8 30. Qg8 Qe6 31. Qg7 Qf7 32. Qh6 Bxc2 0-1

[Event "Frankfurt-chA"]
[Site "Frankfurt"]
[Date "2014.06.16"]
[Round "7"]
[White "Zimmermann, Hendrik"]
[Black "Zimpfer, Andreas"]
[Result "1-0"]
[WhiteElo "2173"]
[BlackElo "1831"]
[PlyCount "67"]
[EventDate "2014.04.28"]
[EventType "swiss"]
[EventRounds "7"]
[EventCountry "GER"]
[SourceTitle "EXT 2015"]
[Source "ChessBase"]
[SourceDate "2014.11.20"]
[SourceVersion "1"]
[SourceVersionDate "2014.11.20"]
[SourceQuality "1"]

1. c4 e5 2. g3 Nc6 3. Nc3 Nf6 4. Bg2 g6 5. e4 Bg7 6. Nge2 d6 7. d3 0-0 8. 0-0 Nh5 9. Be3 Nd4 10. Qd2 Bh3 11. f4 Qd7 12. Bxh3 Qxh3 13. Bxd4 exd4 14. Nb5 Qd7 15. Nbxd4 f5 16. exf5 gxf5 17. Nf3 Rfe8 18. Nc3 Nf6 19. Rae1 c6 20. Rxe8+ Rxe8 21. Re1 Re7 22. Kf1 Kf8 23. Rxe7 Qxe7 24. Qe2 Ng4 25. h3 Nf6 26. Nd4 Qf7 27. Qe6 Ne8 28. Qxf7+ Kxf7 29. Nxf5 Bf8 30. Ke2 Ng7 31. Nxg7 Bxg7 32. Ke3 Ke6 33. d4 h5 34. g4 1-0

[Event "Frankfurt-chA"]
[Site "Frankfurt"]
[Date "2014.05.26"]
[Round "5"]
[White "Zimpfer, Andreas"]
[Black "Grobe, Detlef"]
[Result "1-0"]
[WhiteElo "1831"]
[BlackElo "1932"]
[PlyCount "55"]
[EventDate "2014.04.28"]
[EventType "swiss"]
[EventRounds "7"]
[EventCountry "GER"]
[SourceTitle "EXT 2015"]
[Source "ChessBase"]
[SourceDate "2014.11.20"]
[SourceVersion "1"]
[SourceVersionDate "2014.11.20"]
[SourceQuality "1"]

1. d4 Nf6 2. c4 e6 3. Nc3 Bb4 4. e3 Bxc3+ 5. bxc3 b6 6. Bd3 Bb7 7. f3 Nh5 8. h4 f5 9. Ne2 0-0 10. e4 f4 11. e5 g6 12. Bd2 Rf7 13. Qc2 Kg7 14. Be4 Nc6 15. 0-0-0 Qc8 16. Rh3 d6 17. exd6 cxd6 18. g4 Nf6 19. Bxf4 Nxe4 20. fxe4 e5 21. Be3 Qxg4 22. Rh2 Na5 23. d5 Nxc4 24. Bg5 Raf8 25. Qd3 Ba6 26. Ng1 h6 27. Be3 Qg3 28. Bxh6+ 1-0

[Event "Frankfurt-chA"]
[Site "Frankfurt"]
[Date "2014.05.19"]
[Round "4"]
[White "Zimpfer, Andreas"]
[Black "Kaulfuss, Helmut"]
[Result "1/2-1/2"]
[WhiteElo "1831"]
[BlackElo "2086"]
[PlyCount "104"]
[EventDate "2014.04.28"]
[EventType "swiss"]
[EventRounds "7"]
[EventCountry "GER"]
[SourceTitle "EXT 2015"]
[Source "ChessBase"]
[SourceDate "2014.11.20"]
[SourceVersion "1"]
[SourceVersionDate "2014.11.20"]
[SourceQuality "1"]

1. d4 Nc6 2. Nf3 d6 3. g3 g6 4. Bg2 Bg7 5. c4 Nf6 6. Nc3 0-0 7. d5 Nb8 8. Nd4 Bd7 9. 0-0 Qc8 10. Re1 c5 11. dxc6 Nxc6 12. Nxc6 Bxc6 13. e4 Re8 14. Be3 b6 15. Rc1 Rb8 16. b4 Ba8 17. Nd5 Qd7 18. f4 Red8 19. Bd4 Nxd5 20. exd5 Bxd4+ 21. Qxd4 b5 22. cxb5 Rxb5 23. Rc4 a5 24. a3 axb4 25. axb4 Qb7 26. Ra1 Qb6 27. Qxb6 Rxb6 28. Ra7 Kf8 29. Kf2 Rb5 30. Rd4 Rc8 31. Bf1 Rb6 32. b5 Bb7 33. Rc4 Rb8 34. Rc6 Bxc6 35. dxc6 Ke8 36. Ke3 Rc8 37. Kd4 e6 38. Kc4 Rbxc6+ 39. bxc6 Rxc6+ 40. Kd3 Kf8 41. Kd2 Rb6 42. Bd3 h5 43. h3 Kg7 44. Ke3 Rb4 45. Rc7 Kf6 46. g4 hxg4 47. hxg4 g5 48. Rc4 Rb6 49. f5 Rb7 50. Kd4 Ra7 51. Rb4 Rc7 52. Rb8 Ra7 1/2-1/2

[Event "Frankfurt-chA"]
[Site "Frankfurt"]
[Date "2014.04.28"]
[Round "1"]
[White "Marchese, Eric"]
[Black "Zimpfer, Andreas"]
[Result "1/2-1/2"]
[WhiteElo "1458"]
[BlackElo "1831"]
[PlyCount "55"]
[EventDate "2014.04.28"]
[EventType "swiss"]
[EventRounds "7"]
[EventCountry "GER"]
[SourceTitle "EXT 2015"]
[Source "ChessBase"]
[SourceDate "2014.11.20"]
[SourceVersion "1"]
[SourceVersionDate "2014.11.20"]
[SourceQuality "1"]

1. e4 c5 2. Nf3 d6 3. h3 Nf6 4. e5 dxe5 5. Nxe5 g6 6. Bb5+ Nbd7 7. Qf3 Qc7 8. Bxd7+ Bxd7 9. Nxd7 Nxd7 10. 0-0 Bg7 11. Nc3 e6 12. d3 0-0 13. Rb1 Ne5 14. Qg3 Qa5 15. Bd2 c4 16. Ne4 Qd8 17. Bg5 Qc8 18. Be7 Qc6 19. Bxf8 Rxf8 20. d4 Qxe4 21. dxe5 Qxc2 22. Rfc1 Qe4 23. Re1 Qc6 24. Qc3 Rc8 25. Rbc1 Bf8 26. a3 b5 27. Rcd1 Qb6 28. Rd7 1/2-1/2

[Event "Frankfurt-chA"]
[Site "Frankfurt"]
[Date "2013.06.03"]
[Round "5"]
[White "Zimpfer, Andreas"]
[Black "Maier, Martin"]
[Result "1/2-1/2"]
[WhiteElo "1802"]
[BlackElo "2168"]
[PlyCount "59"]
[EventDate "2013.04.29"]
[EventType "swiss"]
[EventRounds "7"]
[EventCountry "GER"]
[SourceTitle "EXT 2014"]
[Source "ChessBase"]
[SourceDate "2013.11.20"]
[SourceVersion "1"]
[SourceVersionDate "2013.11.20"]
[SourceQuality "1"]

1. d4 b6 2. Nf3 Nf6 3. g3 Bb7 4. Bg2 e6 5. 0-0 Be7 6. Nc3 0-0 7. Re1 Ne4 8. Nxe4 Bxe4 9. Ne5 Bxg2 10. Kxg2 d6 11. Ng4 f5 12. Ne3 Nd7 13. c3 Nf6 14. Nc4 Rc8 15. f3 c5 16. dxc5 Rxc5 17. Qb3 Qc7 18. Na3 d5 19. Be3 Rc6 20. Nb5 Qd7 21. Nd4 Rc4 22. Rad1 e5 23. Nc2 Qe6 24. Bg5 Rd8 25. Bxf6 Bxf6 26. e4 fxe4 27. fxe4 d4 28. cxd4 exd4 29. Na3 Rc6 30. Qxe6+ 1/2-1/2

[Event "Rhein Main op-A 16th"]
[Site "Bad Homburg"]
[Date "2013.05.30"]
[Round "2"]
[White "Haase, Reinhard"]
[Black "Zimpfer, Andreas"]
[Result "1/2-1/2"]
[WhiteElo "2152"]
[BlackElo "1802"]
[PlyCount "66"]
[EventDate "2013.05.29"]
[EventType "swiss"]
[EventRounds "7"]
[EventCountry "GER"]
[SourceTitle "EXT 2014"]
[Source "ChessBase"]
[SourceDate "2013.11.20"]
[SourceVersion "1"]
[SourceVersionDate "2013.11.20"]
[SourceQuality "1"]

1. d4 d5 2. c4 e6 3. Nc3 Nf6 4. Bg5 Nbd7 5. cxd5 exd5 6. e3 Be7 7. Bd3 0-0 8. Nf3 c6 9. Qc2 Re8 10. 0-0 Nf8 11. Ne5 Ng4 12. Bxe7 Qxe7 13. Nxg4 Bxg4 14. h3 Bh5 15. Rab1 Bg6 16. b4 a6 17. a4 Bxd3 18. Qxd3 Ra7 19. b5 axb5 20. axb5 Rea8 21. Rb3 Nd7 22. bxc6 bxc6 23. Rfb1 Qd6 24. Qc2 g6 25. g3 Ra5 26. Qb2 c5 27. dxc5 Rxc5 28. e4 Nf6 29. exd5 Rac8 30. Rd1 Qe5 31. Na4 Rxd5 32. Qxe5 Rxe5 33. Rf3 Rc6 1/2-1/2

[Event "Rhein Main op-A 16th"]
[Site "Bad Homburg"]
[Date "2013.05.30"]
[Round "3"]
[White "Zimpfer, Andreas"]
[Black "Hristovski, Srdzan"]
[Result "0-1"]
[WhiteElo "1802"]
[BlackElo "2136"]
[PlyCount "102"]
[EventDate "2013.05.29"]
[EventType "swiss"]
[EventRounds "7"]
[EventCountry "GER"]
[SourceTitle "EXT 2014"]
[Source "ChessBase"]
[SourceDate "2013.11.20"]
[SourceVersion "1"]
[SourceVersionDate "2013.11.20"]
[SourceQuality "1"]

1. d4 d5 2. c4 e6 3. Nc3 Be7 4. cxd5 exd5 5. Bf4 Nf6 6. e3 0-0 7. Bd3 c6 8. Nge2 Re8 9. 0-0 Bd6 10. Bxd6 Qxd6 11. Qc2 Nbd7 12. Ng3 Nf8 13. Rab1 Ng4 14. Bf5 g6 15. Bxg4 Bxg4 16. b4 a6 17. a4 h5 18. b5 axb5 19. axb5 h4 20. Nge2 Bf5 21. e4 dxe4 22. Qb3 Ne6 23. d5 cxd5 24. Qxd5 Qxd5 25. Nxd5 Kg7 26. b6 Ra5 27. Nc7 Rd8 28. Rfc1 Nd4 29. Nxd4 Rxd4 30. Rb2 Rc5 31. Ra1 Bd7 32. Kf1 h3 33. g3 Bc6 34. Ke2 Rdc4 35. Kd2 Rf5 36. Ke1 Re5 37. Ke2 Rc3 38. Kd2 Rf3 39. Ke1 e3 40. fxe3 Rexe3+ 41. Kd1 Rd3+ 42. Ke2 Rfe3+ 43. Kf2 Rf3+ 44. Kg1 Rf5 45. Rf1 Rxf1+ 46. Kxf1 Rd1+ 47. Kf2 Rh1 48. Ke3 Bg2 49. Ne8+ Kf8 50. Nd6 Ke7 51. Ne4 Re1+ 0-1

[Event "Karl Mala Memorial op 15th"]
[Site "Frankfurt"]
[Date "2012.07.07"]
[Round "4"]
[White "Lutwitzi, Klaus"]
[Black "Zimpfer, Andreas"]
[Result "0-1"]
[WhiteElo "1495"]
[BlackElo "1820"]
[PlyCount "72"]
[EventDate "2012.07.05"]
[EventType "swiss"]
[EventRounds "7"]
[EventCountry "GER"]
[SourceTitle "CBM 149 Extra"]
[Source "ChessBase"]
[SourceDate "2012.08.24"]
[SourceVersion "1"]
[SourceVersionDate "2012.08.24"]
[SourceQuality "1"]

1. c4 e6 2. e3 d5 3. d4 c6 4. a3 f5 5. Nf3 Bd6 6. c5 Bc7 7. Be2 Nd7 8. b4 Ngf6 9. Nbd2 0-0 10. 0-0 Ne4 11. Re1 g5 12. Bf1 g4 13. Ne5 Nxe5 14. Nxe4 fxe4 15. dxe5 Bxe5 16. Qxg4+ Kh8 17. Ra2 Qf6 18. Qe2 b6 19. Bb2 Bxb2 20. Qxb2 e5 21. Qc2 Bf5 22. Rc1 Rac8 23. Qe2 d4 24. Qa6 bxc5 25. Rxc5 Rc7 26. Qa5 Be6 27. Bc4 Bxc4 28. Rxc4 Rg7 29. Qc5 Rfg8 30. g3 Rd8 31. Rd2 Rgd7 32. Qxc6 Qf3 33. Qc5 Rd5 34. Qe7 dxe3 35. Rxd5 Qxf2+ 36. Kh1 Qf1# 0-1

[Event "Karl Mala Memorial op 15th"]
[Site "Frankfurt"]
[Date "2012.07.05"]
[Round "1"]
[White "Chandler, Patrick"]
[Black "Zimpfer, Andreas"]
[Result "1-0"]
[WhiteElo "2218"]
[BlackElo "1820"]
[PlyCount "41"]
[EventDate "2012.07.05"]
[EventType "swiss"]
[EventRounds "7"]
[EventCountry "GER"]
[SourceTitle "CBM 149 Extra"]
[Source "ChessBase"]
[SourceDate "2012.08.24"]
[SourceVersion "1"]
[SourceVersionDate "2012.08.24"]
[SourceQuality "1"]

1. e4 e5 2. Nf3 Nc6 3. d4 exd4 4. Nxd4 Bc5 5. Be3 Nxd4 6. Bxd4 Bxd4 7. Qxd4 Qf6 8. c3 Qxd4 9. cxd4 Nf6 10. Nc3 d6 11. Bd3 Bd7 12. 0-0 c5 13. Rfe1 0-0-0 14. Rac1 Kb8 15. dxc5 dxc5 16. e5 Ne8 17. Ne4 b6 18. Bc4 f5 19. Ng5 Rc8 20. Rcd1 h6 21. Nf7 1-0

[Event "Rhein Main op-B 15th"]
[Site "Bad Homburg"]
[Date "2012.06.10"]
[Round "7"]
[White "Zilch, Lothar"]
[Black "Zimpfer, Andreas"]
[Result "0-1"]
[WhiteElo "1967"]
[BlackElo "1788"]
[PlyCount "78"]
[EventDate "2012.06.06"]
[EventType "swiss"]
[EventRounds "7"]
[EventCountry "GER"]
[SourceTitle "EXT 2013"]
[Source "ChessBase"]
[SourceDate "2012.11.22"]
[SourceVersion "1"]
[SourceVersionDate "2012.11.22"]
[SourceQuality "1"]

1. c4 e6 2. Nc3 f5 3. e4 fxe4 4. Nxe4 Nf6 5. Nxf6+ Qxf6 6. d4 Nc6 7. Nf3 b6 8. Be2 Bb7 9. 0-0 h6 10. Re1 0-0-0 11. a3 g5 12. h3 Bd6 13. Be3 Rdg8 14. d5 Ne7 15. Bd4 e5 16. Bc3 h5 17. Kh1 g4 18. Ng1 Qxf2 19. Rf1 Qh4 20. g3 Qxg3 21. Be1 Qe3 22. Qd3 Qxd3 23. Bxd3 Nxd5 24. cxd5 Bxd5+ 25. Kh2 e4+ 26. Bg3 Bxg3+ 27. Kxg3 h4+ 28. Kf4 exd3 29. hxg4 h3 30. Nf3 Rf8+ 31. Ke3 Bxf3 32. Rxf3 Rxf3+ 33. Kxf3 h2 34. Rh1 Kd8 35. Ke3 Rh3+ 36. Kf2 Ke7 37. Kg2 Rh7 38. Kg3 Kf6 39. Kf4 d2 0-1

[Event "Rhein Main op-B 15th"]
[Site "Bad Homburg"]
[Date "2012.06.07"]
[Round "2"]
[White "Zimpfer, Andreas"]
[Black "Reinecke, Katharina"]
[Result "1-0"]
[WhiteElo "1788"]
[BlackElo "1114"]
[PlyCount "79"]
[EventDate "2012.06.06"]
[EventType "swiss"]
[EventRounds "7"]
[EventCountry "GER"]
[SourceTitle "EXT 2013"]
[Source "ChessBase"]
[SourceDate "2012.11.22"]
[SourceVersion "1"]
[SourceVersionDate "2012.11.22"]
[SourceQuality "1"]

1. d4 d5 2. e3 Nf6 3. Bd3 e6 4. Nd2 Bd6 5. f4 Nbd7 6. Ngf3 0-0 7. 0-0 Qe7 8. Ne5 Nb6 9. g4 Nfd7 10. g5 f5 11. c4 dxc4 12. Nexc4 Bb4 13. a3 Bxd2 14. Bxd2 Nxc4 15. Bxc4 Nb6 16. Bb3 Nd5 17. Qf3 c6 18. Bxd5 exd5 19. Bb4 Qe8 20. Bxf8 Kxf8 21. b4 Be6 22. a4 Bf7 23. Rfb1 Bh5 24. Qf2 Bg4 25. Kg2 Qe4+ 26. Kg3 Re8 27. Rb3 Qe6 28. b5 Qg6 29. bxc6 Qh5 30. h4 bxc6 31. Rb7 Be2 32. Ra3 Qg4+ 33. Kh2 Re7 34. Rab3 Bd1 35. Rxe7 Kxe7 36. Rb7+ Kd6 37. Rxa7 h6 38. Qe1 hxg5 39. Qb4+ Ke6 40. Qe7# 1-0

[Event "Wetzlar op"]
[Site "Wetzlar"]
[Date "2009.??.??"]
[Round "5"]
[White "Thomas, Sven"]
[Black "Zimpfer, Andreas"]
[Result "0-1"]
[WhiteElo "1895"]
[BlackElo "1785"]
[PlyCount "82"]
[EventDate "2009.??.??"]
[EventType "swiss"]
[EventRounds "7"]
[EventCountry "GER"]
[SourceTitle "EXT 2011"]
[Source "ChessBase"]
[SourceDate "2010.11.26"]
[SourceVersion "1"]
[SourceVersionDate "2010.11.26"]
[SourceQuality "1"]

1. d4 d5 2. c4 e6 3. Nf3 f5 4. Bf4 Nf6 5. e3 Bd6 6. Ne5 0-0 7. c5 Be7 8. Be2 Ne4 9. h3 c6 10. Nc3 Nxc3 11. bxc3 b6 12. Qa4 Bb7 13. cxb6 axb6 14. Qc2 c5 15. Rb1 g5 16. Bh2 Nc6 17. Qb3 Nxe5 18. Bxe5 Ba6 19. c4 b5 20. dxc5 dxc4 21. Qc3 Bxc5 22. 0-0 Qe7 23. Rfd1 b4 24. Qc2 c3 25. Bf3 Ra7 26. a3 bxa3 27. Qxc3 Rc8 28. Bf6 Qf7 29. Rd8+ Rxd8 30. Bxd8 Bd6 31. Bb6 Re7 32. Rd1 Rd7 33. Qc6 Bb7 34. Qc3 Bxf3 35. gxf3 Bh2+ 36. Kxh2 Rxd1 37. Bd4 h6 38. Qc8+ Kh7 39. Qc2 Re1 40. Bc3 Qc7+ 41. Kg2 Qc4 0-1

[Event "Karl Mala Memorial op 11th"]
[Site "Frankfurt"]
[Date "2008.06.29"]
[Round "7"]
[White "Lahr, Markus"]
[Black "Zimpfer, Andreas"]
[Result "0-1"]
[WhiteElo "2041"]
[BlackElo "1773"]
[PlyCount "132"]
[EventDate "2008.06.26"]
[EventType "swiss"]
[EventRounds "7"]
[EventCountry "GER"]
[SourceTitle "CBM 125 Extra"]
[Source "ChessBase"]
[SourceDate "2008.09.01"]
[SourceVersion "1"]
[SourceVersionDate "2008.09.01"]
[SourceQuality "1"]

1. c4 e5 2. g3 g6 3. Bg2 Bg7 4. Nc3 d6 5. e3 f5 6. Nge2 Nf6 7. 0-0 0-0 8. d3 c6 9. f4 exf4 10. Nxf4 g5 11. Nh3 Ng4 12. Kh1 Nd7 13. e4 Nde5 14. Qe2 h6 15. d4 Ng6 16. exf5 Bxf5 17. d5 N4e5 18. Nf2 Qd7 19. dxc6 bxc6 20. Be3 Rae8 21. Nce4 Nxc4 22. Qxc4+ d5 23. Qb3 Rb8 24. Qa4 dxe4 25. Bc5 Rfe8 26. Rad1 Qe6 27. b3 e3 28. Rfe1 e2 29. Rd2 Kh7 30. Rdxe2 Qxe2 31. Rxe2 Rxe2 32. Bxc6 Rd8 33. Qxa7 Rdd2 34. a4 Ne5 35. Ba8 Nd3 36. Nxd3 Rxd3 37. b4 Rd1+ 38. Bg1 Ree1 39. Kg2 Rxg1+ 40. Qxg1 Rxg1+ 41. Kxg1 Bc3 42. b5 Bc2 43. b6 Bd4+ 44. Kf1 Bxb6 45. Bc6 Kg7 46. Ke2 Kf6 47. Kd2 Bf5 48. Kc3 Ke7 49. Kb4 Kd6 50. Bg2 Bd7 51. a5 Bc5+ 52. Kc4 g4 53. Be4 Bg1 54. a6 Bc6 55. Bf5 Bf3 56. Kd3 Kc7 57. h3 gxh3 58. Bxh3 Bf2 59. g4 Kb6 60. Kd2 Kxa6 61. Kd3 Kb6 62. Kd2 Kc5 63. Kd3 Kd5 64. Kd2 Ke5 65. Kd3 Kf4 66. Kd2 Kg3 0-1

[Event "Karl Mala Memorial op 11th"]
[Site "Frankfurt"]
[Date "2008.06.29"]
[Round "6"]
[White "Zimpfer, Andreas"]
[Black "Ramminger, Heinz"]
[Result "1-0"]
[WhiteElo "1773"]
[BlackElo "1503"]
[PlyCount "69"]
[EventDate "2008.06.26"]
[EventType "swiss"]
[EventRounds "7"]
[EventCountry "GER"]
[SourceTitle "CBM 125 Extra"]
[Source "ChessBase"]
[SourceDate "2008.09.01"]
[SourceVersion "1"]
[SourceVersionDate "2008.09.01"]
[SourceQuality "1"]

1. d4 d5 2. f4 e6 3. Nf3 Nf6 4. e3 Bd6 5. Bd3 0-0 6. Nbd2 c6 7. 0-0 Re8 8. Ne5 Nbd7 9. g4 h6 10. h4 Ne4 11. Nxe4 dxe4 12. Bxe4 Qxh4 13. Kg2 Bxe5 14. dxe5 Nc5 15. Rh1 Qd8 16. Bf3 Qc7 17. b3 Rd8 18. Qe1 b6 19. Qh4 Bb7 20. g5 Qe7 21. e4 Rd4 22. Be3 Rd7 23. gxh6 Qxh4 24. Rxh4 gxh6 25. Rxh6 Na6 26. f5 Nb4 27. f6 Nxc2 28. Rah1 Nxe3+ 29. Kf2 Ng4+ 30. Bxg4 Rd2+ 31. Ke3 Rd3+ 32. Kxd3 Rd8+ 33. Ke3 Rd3+ 34. Kxd3 Ba6+ 35. Ke3 1-0

[Event "Karl Mala Memorial op 11th"]
[Site "Frankfurt"]
[Date "2008.06.28"]
[Round "4"]
[White "Zimpfer, Andreas"]
[Black "Schnoewitz, Brigitte"]
[Result "1-0"]
[WhiteElo "1773"]
[BlackElo "1352"]
[PlyCount "63"]
[EventDate "2008.06.26"]
[EventType "swiss"]
[EventRounds "7"]
[EventCountry "GER"]
[SourceTitle "CBM 125 Extra"]
[Source "ChessBase"]
[SourceDate "2008.09.01"]
[SourceVersion "1"]
[SourceVersionDate "2008.09.01"]
[SourceQuality "1"]

1. d4 d5 2. f4 Nf6 3. e3 e6 4. Nf3 a6 5. Bd3 h6 6. Nbd2 c5 7. c3 Nc6 8. 0-0 Be7 9. Ne5 0-0 10. g4 cxd4 11. exd4 Nh7 12. Ndf3 Nxe5 13. dxe5 b5 14. Be3 Bb7 15. Qe1 Rc8 16. h4 Bc5 17. g5 Bxe3+ 18. Qxe3 hxg5 19. hxg5 g6 20. Rf2 Kg7 21. Rh2 Rh8 22. Kf2 Nf8 23. Rah1 Rxh2+ 24. Rxh2 Qc7 25. Nd4 Nh7 26. Qh3 Rh8 27. Bxg6 Qc4 28. Qh6+ Kg8 29. Bxh7+ Rxh7 30. Qxh7+ Kf8 31. Qh8+ Ke7 32. Qf6+ 1-0

[Event "Karl Mala Memorial op 11th"]
[Site "Frankfurt"]
[Date "2008.06.27"]
[Round "3"]
[White "Brandl, Lea Maria"]
[Black "Zimpfer, Andreas"]
[Result "0-1"]
[WhiteElo "1114"]
[BlackElo "1773"]
[PlyCount "48"]
[EventDate "2008.06.26"]
[EventType "swiss"]
[EventRounds "7"]
[EventCountry "GER"]
[SourceTitle "CBM 125 Extra"]
[Source "ChessBase"]
[SourceDate "2008.09.01"]
[SourceVersion "1"]
[SourceVersionDate "2008.09.01"]
[SourceQuality "1"]

1. d4 d5 2. c4 e6 3. Nc3 f5 4. Nf3 Nf6 5. Bg5 c6 6. e3 Be7 7. Bd3 Ne4 8. Bxe7 Qxe7 9. 0-0 Nd7 10. Nd2 0-0 11. Ndxe4 fxe4 12. Be2 Rf6 13. cxd5 exd5 14. f3 exf3 15. Bxf3 Qxe3+ 16. Kh1 Rh6 17. Rc1 Nf6 18. Rc2 Bd7 19. Re2 Qg5 20. Re7 Rf8 21. Qb3 Ng4 22. Re2 Nxh2 23. Kg1 Nxf3+ 24. Rxf3 Rxf3 0-1